Catalog

Record Details

Catalog Search



The holy war : made by Shaddai upon diabolos Cover Image Book Book

The holy war : made by Shaddai upon diabolos by John Bunyan

Bunyan, John (Author).

Record details

  • Physical Description: 343 p.
  • Publisher: London James Nisbet

Available copies

  • 1 of 1 copy available at Common Catalog SPOK.

Holds

  • 0 current holds with 1 total copy.
Show All Copies
Location Call Number / Copy Notes Barcode Shelving Location Status Due Date
ETS Library 823.4 424470009278 Volný výběr Available -

LDR 00610nam a2 00229
00145179
003CZ-PrJAB
00520040318000000.0
008010402s1800 xxk e |||| |eng
009gb
035 . ‡a(CONS)3750
035 . ‡aKPS8476
040 . ‡aABG450
041 . ‡aeng
08214. ‡a823.4
100 . ‡7581 ‡aBunyan, John
245 . ‡aThe holy war : ‡bmade by Shaddai upon diabolos ‡cby John Bunyan
260 . ‡aLondon ‡bJames Nisbet
300 . ‡a343 p.
653 . ‡aThe holy war ‡amade by shaddai upon diabolos
8524 . ‡bETS ‡bETS ‡cVolný výběr ‡j823.4 ‡gE ‡p424470009278
910 . ‡aABG450
999 . ‡a3750 ‡bAUTOGEN ‡c3750 ‡tbiblio
905 . ‡uadmin
901 . ‡a45179 ‡b ‡c45179 ‡tbiblio ‡sets

Additional Resources